Methodes numeriques : analyse algebre equations differentielles ordinaires

Αποθηκεύτηκε σε:
Λεπτομέρειες βιβλιογραφικής εγγραφής
Κύριος συγγραφέας: Bakhvalov, N. S.
Μορφή: Βιβλίο
Γλώσσα:French
Russian
Δημοσίευση: Moscou : Editions Mir, c1976.
Θέματα:
Ετικέτες: Προσθήκη ετικέτας
Δεν υπάρχουν, Καταχωρήστε ετικέτα πρώτοι!

MARC

LEADER 00000cam a2200000 a 4500
001 1/107380
008 150713s1976####ur | ||| |||| ||fre||
040 |a GR-MyUa  |b gre  |c GR-MyUa  |e AACR2 
041 1 |a fre  |h rus 
082 7 |a 518.4   |2 (23) 
100 1 |a Bakhvalov, N. S. 
245 1 0 |a Methodes numeriques :   |b analyse algebre equations differentielles ordinaires /   |c [traduit du russe par Irina Petrova].  
260 |a Moscou :   |b Editions Mir,   |c c1976. 
300 |a 606 σ. ;   |c 22 εκ. 
504 |a Περιέχει βιβλιογραφικές αναφορές και ευρετήριο. 
650 0 |a Numerical analysis. 
852 |a INST  |b SAMOS  |e 20150713  |h 518.4 BAK  |p 005300042404  |q 005300042404  |t BK  |y 0 
970 |a Γουβάλα  |b Βάσω  |z 12-07-2015